000
00327nam a2200121 4500
008
01962 1969 0 000 0Usa
020
_a
68-25655
082
_a
537 K197f
100
_a
Kip, Arthur F
245
_a
Fundamentals of electricity and magnetism/Arthur F,Kip
260
_a
Usa : McGraw-Hill
300
_a
630p /21cm
999
_c
21373
_d
21373